000
00253nam a2200097Ia 4500
001
711603
005
20250826162811.0
008
250824s9999 xx 000 0 und d
245
0
_a
ÇİKOLATA KAPLI HÜZÜNLER
_c
CANAN TAN
260
_b
DOĞAN EGMONT YAYINLARI
999
_c
711603
_d
711603